Endocrine glands - Statistics

General Stats
  • This quiz has been taken 34 times
  • The average score is 120 of 300
Answer Stats
Question Tile Select % Correct
cortisol anterior lobe - pituitary gland No
79%
cortisol pancreas No
79%
cortisol parathyroid No
79%
cortisol thymus No
79%
parathyroid hormone adrenal cortex No
75%
melatonin adrenal medulla No
75%
parathyroid hormone adrenal medulla No
75%
parathyroid hormone anterior lobe - pituitary gland No
75%
cortisol ovaries No
75%
melatonin ovaries No
75%
parathyroid hormone ovaries No
75%
melatonin pancreas No
75%
parathyroid hormone pancreas No
75%
parathyroid hormone pineal gland No
75%
parathyroid hormone posterior lobe - pituitary gland No
75%
cortisol testes No
75%
melatonin testes No
75%
parathyroid hormone testes No
75%
melatonin thyroid No
75%
melatonin adrenal cortex No
71%
parathyroid hormone hypothalamus No
71%
melatonin parathyroid No
71%
parathyroid hormone parathyroid Yes
71%
cortisol pineal gland No
71%
cortisol posterior lobe - pituitary gland No
71%
melatonin thymus No
71%
parathyroid hormone thymus No
71%
cortisol thyroid No
71%
parathyroid hormone thyroid No
71%
cortisol adrenal medulla No
68%
melatonin anterior lobe - pituitary gland No
68%
cortisol hypothalamus No
68%
melatonin posterior lobe - pituitary gland No
68%
melatonin hypothalamus No
64%
noradrenaline (norepinephrine) anterior lobe - pituitary gland No
61%
noradrenaline (norepinephrine) hypothalamus No
61%
noradrenaline (norepinephrine) ovaries No
61%
noradrenaline (norepinephrine) pancreas No
61%
noradrenaline (norepinephrine) parathyroid No
61%
noradrenaline (norepinephrine) testes No
61%
noradrenaline (norepinephrine) thymus No
61%
noradrenaline (norepinephrine) thyroid No
61%
insulin adrenal cortex No
57%
growth hormone releasing hormone adrenal cortex No
57%
testosterone adrenal cortex No
57%
insulin adrenal medulla No
57%
growth hormone releasing hormone adrenal medulla No
57%
corticotropin releasing hormone anterior lobe - pituitary gland No
57%
insulin anterior lobe - pituitary gland No
57%
testosterone anterior lobe - pituitary gland No
57%
insulin hypothalamus No
57%
testosterone hypothalamus No
57%
insulin ovaries No
57%
growth hormone releasing hormone ovaries No
57%
corticotropin releasing hormone pancreas No
57%
insulin pancreas Yes
57%
growth hormone releasing hormone pancreas No
57%
testosterone pancreas No
57%
insulin parathyroid No
57%
growth hormone releasing hormone parathyroid No
57%
testosterone parathyroid No
57%
noradrenaline (norepinephrine) pineal gland No
57%
insulin pineal gland No
57%
testosterone pineal gland No
57%
noradrenaline (norepinephrine) posterior lobe - pituitary gland No
57%
insulin posterior lobe - pituitary gland No
57%
testosterone posterior lobe - pituitary gland No
57%
corticotropin releasing hormone testes No
57%
insulin testes No
57%
growth hormone releasing hormone testes No
57%
testosterone testes Yes
57%
insulin thymus No
57%
testosterone thymus No
57%
corticotropin releasing hormone thyroid No
57%
insulin thyroid No
57%
testosterone thyroid No
57%
testosterone adrenal medulla No
54%
corticotropin releasing hormone ovaries No
54%
testosterone ovaries No
54%
corticotropin releasing hormone parathyroid No
54%
corticotropin releasing hormone pineal gland No
54%
growth hormone releasing hormone pineal gland No
54%
growth hormone releasing hormone posterior lobe - pituitary gland No
54%
corticotropin releasing hormone thymus No
54%
growth hormone releasing hormone thymus No
54%
growth hormone releasing hormone thyroid No
54%
cortisol adrenal cortex Yes
50%
oxytocin adrenal cortex No
50%
growth hormone (somatotropin) adrenal cortex No
50%
calcitonin adrenal medulla No
50%
corticotropin releasing hormone adrenal medulla No
50%
oxytocin adrenal medulla No
50%
growth hormone (somatotropin) adrenal medulla No
50%
calcitonin ovaries No
50%
growth hormone (somatotropin) ovaries No
50%
oxytocin pancreas No
50%
oxytocin parathyroid No
50%
growth hormone (somatotropin) parathyroid No
50%
melatonin pineal gland Yes
50%
oxytocin pineal gland No
50%
corticotropin releasing hormone posterior lobe - pituitary gland No
50%
oxytocin testes No
50%
growth hormone (somatotropin) testes No
50%
oxytocin thymus No
50%
growth hormone (somatotropin) thymus No
50%
calcitonin adrenal cortex No
46%
calcitonin anterior lobe - pituitary gland No
46%
calcitonin hypothalamus No
46%
adrenocorticotropic hormone hypothalamus No
46%
growth hormone (somatotropin) hypothalamus No
46%
oxytocin ovaries No
46%
adrenocorticotropic hormone ovaries No
46%
calcitonin pancreas No
46%
adrenocorticotropic hormone pancreas No
46%
growth hormone (somatotropin) pancreas No
46%
adrenocorticotropic hormone parathyroid No
46%
calcitonin pineal gland No
46%
adrenocorticotropic hormone pineal gland No
46%
growth hormone (somatotropin) pineal gland No
46%
calcitonin posterior lobe - pituitary gland No
46%
calcitonin testes No
46%
adrenocorticotropic hormone testes No
46%
calcitonin thymus No
46%
adrenocorticotropic hormone thymus No
46%
oxytocin thyroid No
46%
adrenocorticotropic hormone thyroid No
46%
corticotropin releasing hormone adrenal cortex No
43%
Thymosins adrenal cortex No
43%
thyroid stimulating hormone (thyrotropin) adrenal cortex No
43%
Thymosins adrenal medulla No
43%
thyroid stimulating hormone (thyrotropin) adrenal medulla No
43%
oxytocin anterior lobe - pituitary gland No
43%
Thymosins anterior lobe - pituitary gland No
43%
Thymosins hypothalamus No
43%
Thymosins ovaries No
43%
thyroid stimulating hormone (thyrotropin) ovaries No
43%
Thymosins pancreas No
43%
thyroid stimulating hormone (thyrotropin) pancreas No
43%
Thymosins parathyroid No
43%
Thymosins pineal gland No
43%
thyroid stimulating hormone (thyrotropin) pineal gland No
43%
adrenocorticotropic hormone posterior lobe - pituitary gland No
43%
Thymosins posterior lobe - pituitary gland No
43%
growth hormone (somatotropin) posterior lobe - pituitary gland No
43%
thyroid stimulating hormone (thyrotropin) testes No
43%
thyroid stimulating hormone (thyrotropin) thymus No
43%
growth hormone (somatotropin) thyroid No
43%
noradrenaline (norepinephrine) adrenal medulla Yes
39%
thyroid stimulating hormone (thyrotropin) parathyroid No
39%
thyroid stimulating hormone (thyrotropin) posterior lobe - pituitary gland No
39%
Thymosins testes No
39%
noradrenaline (norepinephrine) adrenal cortex No
36%
thyroid stimulating hormone (thyrotropin) hypothalamus No
36%
calcitonin parathyroid No
36%
adrenocorticotropic hormone adrenal cortex No
32%
prolactin adrenal cortex No
32%
triiodothyronine (T3) adrenal cortex No
32%
prolactin adrenal medulla No
32%
triiodothyronine (T3) adrenal medulla No
32%
growth hormone releasing hormone anterior lobe - pituitary gland No
32%
aldosterone anterior lobe - pituitary gland No
32%
triiodothyronine (T3) anterior lobe - pituitary gland No
32%
oxytocin hypothalamus No
32%
prolactin hypothalamus No
32%
aldosterone hypothalamus No
32%
triiodothyronine (T3) hypothalamus No
32%
aldosterone ovaries No
32%
triiodothyronine (T3) ovaries No
32%
aldosterone pancreas No
32%
triiodothyronine (T3) pancreas No
32%
prolactin parathyroid No
32%
aldosterone parathyroid No
32%
prolactin pineal gland No
32%
aldosterone pineal gland No
32%
triiodothyronine (T3) pineal gland No
32%
aldosterone posterior lobe - pituitary gland No
32%
triiodothyronine (T3) posterior lobe - pituitary gland No
32%
prolactin testes No
32%
triiodothyronine (T3) testes No
32%
prolactin thymus No
32%
aldosterone thymus No
32%
triiodothyronine (T3) thymus No
32%
Thymosins thyroid No
32%
prolactin thyroid No
32%
oestrogen adrenal cortex No
29%
adrenocorticotropic hormone adrenal medulla No
29%
oestrogen adrenal medulla No
29%
adrenaline (epinephrine) anterior lobe - pituitary gland No
29%
oestrogen anterior lobe - pituitary gland No
29%
adrenaline (epinephrine) hypothalamus No
29%
oestrogen hypothalamus No
29%
adrenaline (epinephrine) ovaries No
29%
oestrogen ovaries Yes
29%
prolactin pancreas No
29%
adrenaline (epinephrine) pancreas No
29%
oestrogen pancreas No
29%
adrenaline (epinephrine) parathyroid No
29%
oestrogen parathyroid No
29%
adrenaline (epinephrine) pineal gland No
29%
oestrogen pineal gland No
29%
prolactin posterior lobe - pituitary gland No
29%
adrenaline (epinephrine) posterior lobe - pituitary gland No
29%
oestrogen posterior lobe - pituitary gland No
29%
aldosterone testes No
29%
adrenaline (epinephrine) testes No
29%
oestrogen testes No
29%
Thymosins thymus Yes
29%
adrenaline (epinephrine) thymus No
29%
oestrogen thymus No
29%
aldosterone thyroid No
29%
triiodothyronine (T3) thyroid Yes
29%
adrenaline (epinephrine) thyroid No
29%
oestrogen thyroid No
29%
glucagon adrenal cortex No
25%
follicle stimulating hormone adrenal cortex No
25%
aldosterone adrenal medulla No
25%
glucagon adrenal medulla No
25%
antidiuretic hormone adrenal medulla No
25%
follicle stimulating hormone adrenal medulla No
25%
growth hormone (somatotropin) anterior lobe - pituitary gland Yes
25%
glucagon anterior lobe - pituitary gland No
25%
glucagon hypothalamus No
25%
antidiuretic hormone hypothalamus No
25%
follicle stimulating hormone hypothalamus No
25%
glucagon ovaries No
25%
antidiuretic hormone ovaries No
25%
antidiuretic hormone pancreas No
25%
follicle stimulating hormone pancreas No
25%
triiodothyronine (T3) parathyroid No
25%
glucagon parathyroid No
25%
antidiuretic hormone parathyroid No
25%
follicle stimulating hormone parathyroid No
25%
glucagon pineal gland No
25%
antidiuretic hormone pineal gland No
25%
follicle stimulating hormone pineal gland No
25%
glucagon posterior lobe - pituitary gland No
25%
glucagon testes No
25%
antidiuretic hormone testes No
25%
follicle stimulating hormone testes No
25%
follicle stimulating hormone thymus No
25%
glucagon thyroid No
25%
antidiuretic hormone thyroid No
25%
follicle stimulating hormone thyroid No
25%
thyroxine (T4) adrenal cortex No
21%
thyroxine (T4) adrenal medulla No
21%
thyroxine (T4) anterior lobe - pituitary gland No
21%
growth hormone releasing hormone hypothalamus Yes
21%
thyroxine (T4) hypothalamus No
21%
prolactin ovaries No
21%
thyroxine (T4) ovaries No
21%
glucagon pancreas Yes
21%
thyroxine (T4) pancreas No
21%
thyroxine (T4) parathyroid No
21%
thyroxine (T4) pineal gland No
21%
oxytocin posterior lobe - pituitary gland Yes
21%
thyroxine (T4) posterior lobe - pituitary gland No
21%
thyroxine (T4) testes No
21%
glucagon thymus No
21%
antidiuretic hormone thymus No
21%
thyroxine (T4) thymus No
21%
thyroid stimulating hormone (thyrotropin) thyroid No
21%
thyroxine (T4) thyroid Yes
21%
aldosterone adrenal cortex Yes
18%
gonadotropin releasing hormone adrenal cortex No
18%
luteinising hormone adrenal cortex No
18%
gonadotropin releasing hormone adrenal medulla No
18%
adrenaline (epinephrine) adrenal medulla Yes
18%
luteinising hormone adrenal medulla No
18%
adrenocorticotropic hormone anterior lobe - pituitary gland Yes
18%
gonadotropin releasing hormone anterior lobe - pituitary gland No
18%
antidiuretic hormone anterior lobe - pituitary gland No
18%
corticotropin releasing hormone hypothalamus Yes
18%
luteinising hormone hypothalamus No
18%
gonadotropin releasing hormone pancreas No
18%
luteinising hormone pancreas No
18%
gonadotropin releasing hormone parathyroid No
18%
luteinising hormone parathyroid No
18%
gonadotropin releasing hormone pineal gland No
18%
luteinising hormone pineal gland No
18%
luteinising hormone testes No
18%
luteinising hormone thymus No
18%
luteinising hormone thyroid No
18%
adrenaline (epinephrine) adrenal cortex No
14%
antidiuretic hormone adrenal cortex No
14%
prolactin anterior lobe - pituitary gland Yes
14%
gonadotropin releasing hormone ovaries No
14%
gonadotropin releasing hormone posterior lobe - pituitary gland No
14%
follicle stimulating hormone posterior lobe - pituitary gland No
14%
gonadotropin releasing hormone testes No
14%
gonadotropin releasing hormone thymus No
14%
luteinising hormone ovaries No
11%
follicle stimulating hormone ovaries No
11%
calcitonin thyroid Yes
11%
gonadotropin releasing hormone thyroid No
11%
thyroid stimulating hormone (thyrotropin) anterior lobe - pituitary gland Yes
7%
luteinising hormone anterior lobe - pituitary gland Yes
7%
follicle stimulating hormone anterior lobe - pituitary gland Yes
7%
antidiuretic hormone posterior lobe - pituitary gland Yes
7%
luteinising hormone posterior lobe - pituitary gland No
7%
gonadotropin releasing hormone hypothalamus Yes
0%
No matching quizzes found
Score Distribution
Percent of People with Each Score
Percentile by Number Answered
Your Score History
You have not taken this quiz